<The> Economic journal <The> Quarterly Journal of the Royal Economic Society
Na minha lista:
| Formato: | Periódico |
|---|---|
| Idioma: | inglês |
| Publicado em: |
Oxford
Blackwell
1990
|
| Assuntos: | |
| Tags: |
Sem tags, seja o primeiro a adicionar uma tag!
|
MARC
| LEADER | 00000nas2a2200000 4500 | ||
|---|---|---|---|
| 001 | s006773 | ||
| 005 | 20041019155327.5 | ||
| 022 | |a 0013-0133 | ||
| 041 | 0 | |a eng | |
| 044 | |a GB | ||
| 245 | 1 | 0 | |a <The> Economic journal |b <The> Quarterly Journal of the Royal Economic Society |
| 264 | 1 | |a Oxford |b Blackwell |c 1990 | |
| 773 | 0 | |w eu_un_cat*s120145 | |
| 610 | 2 | 0 | |a ekonómia |
| 610 | 2 | 0 | |a politika buržoázna |